000 00779nam a22002297a 4500
999 _c64109
_d64109
005 20240530110715.0
008 180219s2006 ua g 00| 0|ara d
017 _a2006/9957
_bمصر. دار الكتب
040 _aEG-CaGPL
_cEG-CaGPL
082 0 4 _221
_a342.02 /
_bأ د
100 0 _aاحمد فتحى سرور
245 1 0 _aدراسة فى منهج الاصلاح الدستورى /
_cاحمد فتحى سرور
260 _aالقاهرة :
_b[ د.ن ]،
_c2006.
300 _a146 ص. ؛
_c24 سم.
650 0 7 _2qrmak
_aالدساتير
650 0 7 _2qrmak
_aالعلوم السياسية
650 0 7 _2qrmak
_aالدساتير
_xتعديلات
650 0 7 _2qrmak
_aالدولة النيابية
651 _2qrmak
942 _2ddc
_cBK